<?xml version="1.0" encoding="UTF-8"?>
<record
    xmlns:xsi="http://www.w3.org/2001/XMLSchema-instance"
    xsi:schemaLocation="http://www.loc.gov/MARC21/slim http://www.loc.gov/standards/marcxml/schema/MARC21slim.xsd"
    xmlns="http://www.loc.gov/MARC21/slim">

  <leader>00661nam a22001817a 4500</leader>
  <datafield tag="999" ind1=" " ind2=" ">
    <subfield code="c">189522</subfield>
    <subfield code="d">189522</subfield>
  </datafield>
  <controlfield tag="005">20220704122430.0</controlfield>
  <datafield tag="010" ind1=" " ind2=" ">
    <subfield code="a">ENG-133431</subfield>
  </datafield>
  <datafield tag="020" ind1=" " ind2=" ">
    <subfield code="a">9788183797917</subfield>
    <subfield code="c">410.00</subfield>
  </datafield>
  <datafield tag="035" ind1=" " ind2=" ">
    <subfield code="a">EN-116963</subfield>
  </datafield>
  <datafield tag="037" ind1=" " ind2=" ">
    <subfield code="b">DBAD/PUB</subfield>
  </datafield>
  <datafield tag="082" ind1=" " ind2=" ">
    <subfield code="a">894.81115</subfield>
  </datafield>
  <datafield tag="100" ind1=" " ind2=" ">
    <subfield code="a">More,J.B.P.</subfield>
  </datafield>
  <datafield tag="245" ind1=" " ind2=" ">
    <subfield code="a">Subramania Bharathi in British and French India:</subfield>
    <subfield code="b">Nationalist, Revivalist or Thamizh Patriot?</subfield>
    <subfield code="c">J.B.P.More</subfield>
  </datafield>
  <datafield tag="260" ind1=" " ind2=" ">
    <subfield code="a">Chennai</subfield>
    <subfield code="b">Palaniappa Brothers</subfield>
    <subfield code="c">2017</subfield>
  </datafield>
  <datafield tag="270" ind1=" " ind2=" ">
    <subfield code="a">Konar Maaligai,25,Peters road,royapettah</subfield>
    <subfield code="b">Chennai</subfield>
    <subfield code="e">600014</subfield>
    <subfield code="m">sales@palaniappabrothers.com</subfield>
    <subfield code="k">044-43408000</subfield>
  </datafield>
  <datafield tag="300" ind1=" " ind2=" ">
    <subfield code="a">325p.</subfield>
    <subfield code="c">21cm(pkb)</subfield>
    <subfield code="b">Index,Bibliography</subfield>
  </datafield>
  <datafield tag="942" ind1=" " ind2=" ">
    <subfield code="2">ddc</subfield>
    <subfield code="c">EN</subfield>
    <subfield code="h">894.81115</subfield>
    <subfield code="m">MOR</subfield>
  </datafield>
  <datafield tag="952" ind1=" " ind2=" ">
    <subfield code="0">0</subfield>
    <subfield code="1">0</subfield>
    <subfield code="4">0</subfield>
    <subfield code="7">0</subfield>
    <subfield code="8">NFIC</subfield>
    <subfield code="a">AV</subfield>
    <subfield code="b">AV</subfield>
    <subfield code="d">2022-07-04</subfield>
    <subfield code="e">DBAD/PUB</subfield>
    <subfield code="g">410.00</subfield>
    <subfield code="l">0</subfield>
    <subfield code="o">894.81115 MOR</subfield>
    <subfield code="p">EN-116963</subfield>
    <subfield code="r">2022-07-04 00:00:00</subfield>
    <subfield code="t">1</subfield>
    <subfield code="v">410.00</subfield>
    <subfield code="y">EN</subfield>
  </datafield>
</record>
